[Event "MVP-ch Seniors op 18th"]
[Site "Ostseebad Binz"]
[Date "2018.12.02"]
[Round "5"]
[White "Wulf, Adalbert"]
[Black "Hildenstein, Bernt"]
[Result "0-1"]
[WhiteElo "1859"]
[BlackElo "1663"]
[PlyCount "100"]
[EventDate "2018.11.28"]
[EventType "swiss"]
[EventRounds "9"]
[EventCountry "GER"]
[SourceTitle "CBM 188 Extra"]
[Source "ChessBase"]
[SourceDate "2019.02.26"]
[SourceVersion "1"]
[SourceVersionDate "2019.02.26"]
[SourceQuality "1"]

1. d4 f5 2. g4 fxg4 3. h3 Nf6 4. Qd3 d5 5. Nc3 Nc6 6. a3 e5 7. dxe5 Nxe5 8. Qg3 Bd6 9. hxg4 Bxg4 10. Qg2 c6 11. Bg5 Qe7 12. e3 0-0-0 13. f3 Bd7 14. 0-0-0 Nf7 15. Bf4 Bxf4 16. exf4 g6 17. Qd2 Rde8 18. Bd3 Nd6 19. Nh3 Qe3 20. Qxe3 Rxe3 21. Ng1 Nh5 22. Rd2 Rhe8 23. Nce2 c5 24. c3 c4 25. Bc2 Nf5 26. Bxf5 Bxf5 27. Nd4 Bd7 28. Nh3 Ng3 29. Rdh2 Nf5 30. Nxf5 Bxf5 31. Ng5 h5 32. Nf7 R3e6 33. Ng5 R6e7 34. Rf1 Bd3 35. Rg1 Re2 36. Rxe2 Rxe2 37. Kd1 Rxb2 38. Rg3 Ra2 39. Nf7 Rxa3 40. Kd2 a5 41. Ne5 Ra2+ 42. Ke3 Bf5 43. Nxg6 Bxg6 44. Rxg6 h4 45. Rd6 h3 46. Rxd5 h2 47. Rh5 a4 48. f5 Kd7 49. Rh6 Rc2 50. Kd4 a3 0-1

[Event "MVP-ch Seniors op 17th"]
[Site "Binz"]
[Date "2017.12.07"]
[Round "9.61"]
[White "Wulf, Adalbert"]
[Black "Junghans, Rolf"]
[Result "1-0"]
[WhiteElo "1827"]
[BlackElo "1517"]
[PlyCount "71"]
[EventDate "2017.11.29"]
[EventType "swiss"]
[EventRounds "9"]
[EventCountry "GER"]
[SourceTitle "EXT 2019"]
[Source "ChessBase"]
[SourceDate "2018.10.10"]
[SourceVersion "1"]
[SourceVersionDate "2018.10.10"]
[SourceQuality "1"]

1. d4 d5 2. Nf3 Nf6 3. Bf4 e6 4. e3 Nbd7 5. Bd3 h6 6. Nbd2 Nh5 7. Bg3 Nxg3 8. hxg3 Bd6 9. e4 c6 10. c3 Be7 11. Qe2 Qb6 12. Nf1 Nf6 13. e5 Nh7 14. Ne3 Bd7 15. Qc2 Ng5 16. Nd2 f6 17. f4 Nf7 18. exf6 Bxf6 19. Ng4 Ke7 20. 0-0-0 Raf8 21. Nf3 Qc7 22. Nge5 Bxe5 23. dxe5 g5 24. Rh5 Qb6 25. Qd2 c5 26. Rdh1 d4 27. fxg5 hxg5 28. Rxh8 dxc3 29. bxc3 Rxh8 30. Rxh8 c4 31. Rh7 cxd3 32. Qxd3 g4 33. Qg6 Qe3+ 34. Kb1 Qb6+ 35. Ka1 Be8 36. Qg5+ 1-0

[Event "Schleswig Holstein-ch Seniors op 11th"]
[Site "Buesum"]
[Date "2017.09.16"]
[Round "9"]
[White "Ehlert, Horst"]
[Black "Wulf, Adalbert"]
[Result "1-0"]
[WhiteElo "1965"]
[BlackElo "1823"]
[PlyCount "89"]
[EventDate "2017.09.08"]
[EventType "swiss"]
[EventRounds "9"]
[EventCountry "GER"]
[SourceTitle "EXT 2019"]
[Source "ChessBase"]
[SourceDate "2018.10.10"]
[SourceVersion "1"]
[SourceVersionDate "2018.10.10"]
[SourceQuality "1"]

1. c4 d6 2. g3 c6 3. Bg2 e5 4. d4 Be7 5. Nf3 e4 6. Nfd2 f5 7. e3 Nf6 8. Nc3 Na6 9. a3 Nc7 10. b4 Bd7 11. Bb2 d5 12. cxd5 cxd5 13. 0-0 0-0 14. Qb3 Kh8 15. b5 Rg8 16. a4 Bd6 17. Ba3 Qe7 18. Bxd6 Qxd6 19. Qa3 Nce8 20. Ne2 g5 21. Rfc1 Rc8 22. Rxc8 Bxc8 23. Qc5 Qb8 24. Rc1 Bd7 25. Qe7 Qd6 26. Qxd6 Nxd6 27. Nb3 Nc4 28. Nc5 Bc8 29. Nc3 Nd6 30. a5 Re8 31. Bf1 Re7 32. b6 axb6 33. axb6 h5 34. Nb5 Nxb5 35. Bxb5 f4 36. Nxe4 Nxe4 37. Rxc8+ Kg7 38. Rc7 Kf6 39. Rxe7 Kxe7 40. gxf4 gxf4 41. exf4 Nc3 42. Bc6 Kd6 43. Bxb7 Ne2+ 44. Kf1 Nxd4 45. f5 1-0

[Event "MVP-ch Seniors op 16th"]
[Site "Binz"]
[Date "2016.11.27"]
[Round "5.40"]
[White "Wulf, Adalbert"]
[Black "Beran, Rolf Dietrich"]
[Result "1/2-1/2"]
[WhiteElo "1826"]
[BlackElo "1956"]
[PlyCount "49"]
[EventDate "2016.11.23"]
[EventType "swiss"]
[EventRounds "9"]
[EventCountry "GER"]
[SourceTitle "EXT 2018"]
[Source "ChessBase"]
[SourceDate "2017.10.13"]
[SourceVersion "1"]
[SourceVersionDate "2017.10.13"]
[SourceQuality "1"]

1. d4 c5 2. d5 d6 3. e4 g6 4. c3 Bg7 5. Bd3 Nf6 6. Ne2 0-0 7. Bg5 Nbd7 8. Nd2 Ne5 9. Bc2 b6 10. 0-0 Ba6 11. Re1 Nd3 12. Bxd3 Bxd3 13. Nc1 Ba6 14. Nf1 Qd7 15. f3 h6 16. Be3 b5 17. Nd3 Bb7 18. a4 a6 19. axb5 axb5 20. Qd2 Kh7 21. h3 Rfc8 22. Red1 Ne8 23. Nf2 h5 24. g4 Nf6 25. Kg2 1/2-1/2

[Event "Schleswig Holstein-ch Seniors op 10th"]
[Site "Buesum"]
[Date "2016.10.01"]
[Round "6"]
[White "Ophoff, Rigobert"]
[Black "Wulf, Adalbert"]
[Result "1/2-1/2"]
[WhiteElo "1947"]
[BlackElo "1849"]
[PlyCount "22"]
[EventDate "2016.09.26"]
[EventType "swiss"]
[EventRounds "9"]
[EventCountry "GER"]
[SourceTitle "EXT 2019"]
[Source "ChessBase"]
[SourceDate "2018.10.10"]
[SourceVersion "1"]
[SourceVersionDate "2018.10.10"]
[SourceQuality "1"]

1. d4 Nf6 2. c4 d6 3. Nc3 g6 4. e4 Bg7 5. f3 0-0 6. Be3 Nc6 7. Qd2 a6 8. Nge2 e5 9. d5 Ne7 10. c5 dxc5 11. Bxc5 Nd7 1/2-1/2

[Event "Schleswig Holstein-ch Seniors op 10th"]
[Site "Buesum"]
[Date "2016.09.28"]
[Round "3"]
[White "Wulf, Adalbert"]
[Black "Priss, Klaus Peter"]
[Result "0-1"]
[WhiteElo "1849"]
[BlackElo "1633"]
[PlyCount "122"]
[EventDate "2016.09.26"]
[EventType "swiss"]
[EventRounds "9"]
[EventCountry "GER"]
[SourceTitle "EXT 2019"]
[Source "ChessBase"]
[SourceDate "2018.10.10"]
[SourceVersion "1"]
[SourceVersionDate "2018.10.10"]
[SourceQuality "1"]

1. d4 Nf6 2. Nc3 e6 3. Bg5 c6 4. Nf3 Be7 5. e3 0-0 6. Bd3 b5 7. a3 Bb7 8. 0-0 a5 9. Bxf6 Bxf6 10. Ne4 Be7 11. c3 h6 12. Re1 Na6 13. Qe2 f5 14. Ng3 Nc7 15. Ne5 Qe8 16. f4 Nd5 17. c4 bxc4 18. Bxc4 d6 19. Nf3 Qf7 20. Nd2 Bh4 21. Rf1 Bxg3 22. hxg3 Qg6 23. Kf2 Rae8 24. Nf3 Nf6 25. Nd2 Ng4+ 26. Ke1 Nh2 27. Rh1 Qxg3+ 28. Qf2 Qxf2+ 29. Kxf2 Ng4+ 30. Ke2 d5 31. Bd3 a4 32. Rac1 Ra8 33. Rc3 Rfc8 34. Rhc1 Kf7 35. b4 axb3 36. Rxb3 Ba6 37. Nb1 Bxd3+ 38. Rxd3 Rc7 39. Rb3 Ke7 40. Nc3 Kd7 41. a4 Nf6 42. Rcb1 Ne8 43. Rb8 Rxb8 44. Rxb8 Ra7 45. Kd3 Nf6 46. Rf8 Kd6 47. Rb8 Kc7 48. Rb2 Ne4 49. Ra2 Kb6 50. Nxe4 fxe4+ 51. Kc3 Ka5 52. Rb2 Rc7 53. Ra2 Rb7 54. g4 Rb4 55. Ra1 Rxa4 56. Rb1 Rc4+ 57. Kd2 Rb4 58. Ra1+ Ra4 59. Rb1 Ra2+ 60. Ke1 Rg2 61. f5 Rg1+ 0-1

[Event "MVP-ch Seniors op 15th"]
[Site "Binz"]
[Date "2015.11.29"]
[Round "6.58"]
[White "Graffenberger, Wilhelm"]
[Black "Wulf, Adalbert"]
[Result "1-0"]
[WhiteElo "1482"]
[BlackElo "1703"]
[PlyCount "77"]
[EventDate "2015.11.24"]
[EventType "swiss"]
[EventRounds "9"]
[EventCountry "GER"]
[SourceTitle "EXT 2017"]
[Source "ChessBase"]
[SourceDate "2016.10.25"]
[SourceVersion "1"]
[SourceVersionDate "2016.10.25"]
[SourceQuality "1"]

1. d4 b5 2. e4 Bb7 3. Nd2 a6 4. Ngf3 d6 5. Bd3 Nd7 6. 0-0 e5 7. Re1 Ngf6 8. b3 c5 9. c3 Be7 10. Bc2 Qc7 11. d5 g6 12. Nf1 Bf8 13. a4 bxa4 14. bxa4 Bg7 15. a5 0-0 16. c4 Nh5 17. Bd2 Ra7 18. Ra3 Qd8 19. Qc1 Bf6 20. Bg5 Bxg5 21. Nxg5 h6 22. Nf3 Kg7 23. Ne3 Rh8 24. g3 Qe7 25. Ng2 Bc8 26. Bd1 Nf8 27. Nfh4 Nf6 28. Nf3 Rb7 29. Ba4 Bd7 30. Qc2 Bxa4 31. Qxa4 Qd7 32. Qc6 Qxc6 33. dxc6 Rb4 34. Rd3 Rxc4 35. Rxd6 Nxe4 36. Rd8 Ne6 37. Rxh8 Kxh8 38. Nxe5 Kg7 39. Nxc4 1-0

[Event "Schleswig Holstein-ch Seniors op 9th"]
[Site "Buesum"]
[Date "2015.10.04"]
[Round "6"]
[White "Wulf, Adalbert"]
[Black "Manthey, Wolfgang"]
[Result "0-1"]
[WhiteElo "1914"]
[BlackElo "1780"]
[PlyCount "60"]
[EventDate "2015.09.28"]
[EventType "swiss"]
[EventRounds "9"]
[EventCountry "GER"]
[SourceTitle "EXT 2018"]
[Source "ChessBase"]
[SourceDate "2017.10.13"]
[SourceVersion "1"]
[SourceVersionDate "2017.10.13"]
[SourceQuality "1"]

1. d4 Nf6 2. Nc3 c5 3. d5 g6 4. e4 d6 5. Nf3 Bg7 6. Bd2 0-0 7. Be2 a6 8. a4 Bg4 9. Ng5 Bxe2 10. Qxe2 h6 11. Nh3 e5 12. f3 Nh5 13. g4 Qh4+ 14. Nf2 Nf4 15. Qf1 Nd7 16. Ne2 b5 17. a5 c4 18. Bb4 Nc5 19. 0-0-0 Rac8 20. Ng3 Rc7 21. Kb1 Rfc8 22. Ne2 Qf6 23. h4 Qe7 24. Ng3 Ncd3 25. cxd3 cxd3 26. h5 Rc2 27. Bd2 Qc7 28. Bc3 Rxb2+ 29. Bxb2 Qc2+ 30. Ka2 Rc4 0-1

[Event "Schleswig Holstein-ch Seniors op 9th"]
[Site "Buesum"]
[Date "2015.10.02"]
[Round "5"]
[White "Priss, Klaus Peter"]
[Black "Wulf, Adalbert"]
[Result "0-1"]
[WhiteElo "1603"]
[BlackElo "1914"]
[PlyCount "90"]
[EventDate "2015.09.28"]
[EventType "swiss"]
[EventRounds "9"]
[EventCountry "GER"]
[SourceTitle "EXT 2018"]
[Source "ChessBase"]
[SourceDate "2017.10.13"]
[SourceVersion "1"]
[SourceVersionDate "2017.10.13"]
[SourceQuality "1"]

1. e4 g6 2. Nf3 Bg7 3. Nc3 d6 4. Bc4 Nc6 5. a3 Nf6 6. 0-0 e5 7. d3 h6 8. h3 a6 9. Be3 Na5 10. Ba2 c5 11. Nh2 Nc6 12. Ne2 Qe7 13. Ng3 Be6 14. b3 Nh7 15. Nf3 f5 16. exf5 gxf5 17. Nh5 f4 18. Bxf4 exf4 19. Nxf4 Kd7 20. Rb1 Qf7 21. Qd2 Raf8 22. Nxe6 Qxe6 23. Nh2 h5 24. Rbe1 Qg6 25. Re3 Be5 26. b4 cxb4 27. axb4 Nd4 28. Qd1 Nf5 29. Nf3 Nxe3 30. fxe3 Bg3 31. Bd5 Kc7 32. c4 Nf6 33. Be6 Ng4 34. Bd5 Nxe3 35. Be4 Qg7 36. Qa4 Be5 37. Qa5+ b6 38. Qa2 Kd8 39. Rf2 Qa7 40. Re2 Rxf3 41. Bxf3 Bd4 42. Kh1 a5 43. bxa5 Qe7 44. Qd2 Qe5 45. Be4 Nf1 0-1

[Event "Schleswig Holstein-ch Seniors op 9th"]
[Site "Buesum"]
[Date "2015.09.30"]
[Round "3"]
[White "Bondick, Karl Heinz"]
[Black "Wulf, Adalbert"]
[Result "1-0"]
[WhiteElo "2038"]
[BlackElo "1914"]
[PlyCount "91"]
[EventDate "2015.09.28"]
[EventType "swiss"]
[EventRounds "9"]
[EventCountry "GER"]
[SourceTitle "EXT 2018"]
[Source "ChessBase"]
[SourceDate "2017.10.13"]
[SourceVersion "1"]
[SourceVersionDate "2017.10.13"]
[SourceQuality "1"]

1. d4 Nf6 2. f3 d6 3. c4 g6 4. Nc3 Bg7 5. e4 Nc6 6. Be3 0-0 7. Nge2 e5 8. d5 Ne7 9. Qd2 a5 10. g4 Nd7 11. Rg1 Kh8 12. h4 Ng8 13. Bg5 Bh6 14. Bxd8 Bxd2+ 15. Kxd2 Rxd8 16. Nb5 b6 17. Nxc7 Rb8 18. Nc3 Nc5 19. Bd3 Bd7 20. N7b5 Be8 21. Bc2 Kg7 22. g5 Rb7 23. a3 Bxb5 24. Nxb5 Na6 25. Raf1 Nc7 26. Ba4 Nxb5 27. Bxb5 f6 28. f4 exf4 29. Rxf4 fxg5 30. hxg5 Rf8 31. Rgf1 Rxf4 32. Rxf4 Re7 33. Kd3 h6 34. gxh6+ Nxh6 35. b4 axb4 36. axb4 g5 37. Rf1 Nf7 38. Kd4 g4 39. Rf4 Ne5 40. c5 bxc5+ 41. bxc5 dxc5+ 42. Kxc5 g3 43. Bf1 Kg6 44. d6 Rg7 45. Kd5 Nd7 46. Rg4+ 1-0

[Event "MVP-ch Seniors op 14th"]
[Site "Binz"]
[Date "2014.12.01"]
[Round "7"]
[White "Knaak, Hans"]
[Black "Wulf, Adalbert"]
[Result "1/2-1/2"]
[WhiteElo "1514"]
[BlackElo "1778"]
[PlyCount "66"]
[EventDate "2014.11.25"]
[EventType "swiss"]
[EventRounds "9"]
[EventCountry "GER"]
[SourceTitle "EXT 2016"]
[Source "ChessBase"]
[SourceDate "2015.10.08"]
[SourceVersion "1"]
[SourceVersionDate "2015.10.08"]
[SourceQuality "1"]

1. d4 d5 2. c4 c6 3. Nf3 Nf6 4. Nc3 e6 5. Bg5 Nbd7 6. e3 Qa5 7. cxd5 exd5 8. Bd3 Ne4 9. Qc2 Nxc3 10. bxc3 h6 11. Bh4 Bd6 12. 0-0 0-0 13. Bg3 Bxg3 14. hxg3 c5 15. Rab1 a6 16. Bf5 Qc7 17. Qb3 c4 18. Qb4 b5 19. a4 bxa4 20. Bc2 Nf6 21. Qxa4 Bd7 22. Qa3 Rfc8 23. Rb2 Rcb8 24. Rxb8+ Qxb8 25. Rb1 Bb5 26. Ne5 Qe8 27. Qa5 g6 28. Qb6 Kg7 29. Kh2 Rb8 30. Qa5 Rd8 31. Qb6 Rb8 32. Qa5 Rc8 33. g4 Rb8 1/2-1/2

[Event "MVP-ch Seniors op 14th"]
[Site "Binz"]
[Date "2014.11.26"]
[Round "2"]
[White "Wulf, Adalbert"]
[Black "Krawelitzki, Gerhard"]
[Result "1-0"]
[WhiteElo "1778"]
[BlackElo "1412"]
[PlyCount "81"]
[EventDate "2014.11.25"]
[EventType "swiss"]
[EventRounds "9"]
[EventCountry "GER"]
[SourceTitle "EXT 2016"]
[Source "ChessBase"]
[SourceDate "2015.10.08"]
[SourceVersion "1"]
[SourceVersionDate "2015.10.08"]
[SourceQuality "1"]

1. d4 d5 2. e4 e6 3. exd5 exd5 4. Bd3 Nc6 5. c3 Nf6 6. Bg5 Be7 7. Nf3 Bg4 8. 0-0 0-0 9. Nbd2 h6 10. Bh4 a6 11. Qc2 Kh8 12. b4 b5 13. a4 bxa4 14. Rxa4 Bc8 15. Rfa1 Bb7 16. Bxa6 Qc8 17. Bd3 Rxa4 18. Rxa4 Nh5 19. Bf5 Qd8 20. Bxe7 Qxe7 21. Ra1 Qd6 22. Re1 Nf6 23. Qb1 Ne7 24. Bd3 Bc8 25. Ne5 Nd7 26. Ndf3 f6 27. Ng6+ Nxg6 28. Bxg6 Nb6 29. Bc2 Bg4 30. Nh4 Bh5 31. Bg6 Qf4 32. g3 Qg5 33. Bxh5 Ra8 34. Bg6 Nc4 35. Qd3 Nd6 36. Kg2 f5 37. Bxf5 Nxf5 38. Qxf5 Qxf5 39. Nxf5 Ra3 40. Re3 Kh7 41. Ne7 1-0

[Event "Schleswig Holstein-ch Seniors op"]
[Site "Buesum"]
[Date "2014.10.02"]
[Round "8"]
[White "Wulf, Adalbert"]
[Black "Krneta, Slavko"]
[Result "1-0"]
[WhiteElo "1935"]
[BlackElo "1891"]
[PlyCount "121"]
[EventDate "2014.09.25"]
[EventType "swiss"]
[EventRounds "9"]
[EventCountry "GER"]
[SourceTitle "EXT 2018"]
[Source "ChessBase"]
[SourceDate "2017.10.13"]
[SourceVersion "1"]
[SourceVersionDate "2017.10.13"]
[SourceQuality "1"]

1. d4 Nf6 2. Bg5 c6 3. Nf3 Ne4 4. Bc1 d5 5. c3 Nd7 6. g3 e5 7. Bg2 exd4 8. cxd4 f5 9. Qc2 Be7 10. a3 0-0 11. Nc3 Ndf6 12. Ne5 Be6 13. f3 Nd6 14. Be3 Nf7 15. Nd3 Bd6 16. Bf4 g5 17. Bxd6 Qxd6 18. b4 Rae8 19. 0-0 Bc8 20. b5 Re7 21. Rf2 Rfe8 22. bxc6 bxc6 23. Nc5 h6 24. Bf1 Kg7 25. Rb1 Nh8 26. Bh3 g4 27. fxg4 Ne4 28. N3xe4 fxe4 29. e3 Nf7 30. Rf4 Qg6 31. Qe2 Nd6 32. Bg2 Rf7 33. Rbf1 Ref8 34. h3 h5 35. Rxf7+ Rxf7 36. Rxf7+ Nxf7 37. Qf2 hxg4 38. h4 Qf5 39. Qd2 Nd6 40. Qf2 Nc4 41. a4 Qxf2+ 42. Kxf2 Nd6 43. Bf1 Nb7 44. Nb3 Bf5 45. Ba6 Nd8 46. Nc5 Kf6 47. Ke1 Ke7 48. Kd2 Kd6 49. Ke1 Kc7 50. a5 Nf7 51. Kf2 Nd6 52. Ke2 Nb5 53. Kd2 Nd6 54. Ke2 Ne8 55. Kf2 Ng7 56. Kg2 Ne6 57. Nb3 Bg6 58. Kf2 Bh5 59. Ke1 c5 60. dxc5 Kc6 61. Kd2 1-0